Estatutos y reglamentos de la Asociación de Propietarios de Madrid aprobados por la Junta General en los días 10, 11 y 17 de enero de 1892 / (Record no. 25942)

MARC details
000 -LEADER
campo de control de longitud fija 00653nam a2200169 i 4500
001 - NÚMERO DE CONTROL
campo de control 25942
003 - IDENTIFICADOR DE NÚMERO DE CONTROL
campo de control ES-MaACL
005 - FECHA Y HORA DE LA ÚLTIMA TRANSACCIÓN
campo de control 20230906153347.0
007 - CAMPO FIJO DE DESCRIPCIÓN FÍSICA--INFORMACIÓN GENERAL
campo de control de longitud fija t|
008 - DATOS DE LONGITUD FIJA--INFORMACIÓN GENERAL
campo de control de longitud fija 030107s1892 sp ||||1| spa d
110 2# - ENTRADA PRINCIPAL--NOMBRE DE ENTIDAD CORPORATIVA
Nombre de entidad corporativa o nombre de jurisdicción como elemento de entrada Asociación de Propietarios de Madrid.
9 (RLIN) 157279
245 10 - MENCIÓN DEL TÍTULO
Título Estatutos y reglamentos de la Asociación de Propietarios de Madrid aprobados por la Junta General en los días 10, 11 y 17 de enero de 1892 /
Mención de responsabilidad, etc. Asociación de Propietarios de Madrid.
260 ## - PUBLICACIÓN, DISTRIBUCIÓN, ETC.
Lugar de publicación, distribución, etc. Madrid :
Nombre del editor, distribuidor, etc. Gómez Fuentenebro,
Fecha de publicación, distribución, etc. 1892.
300 ## - DESCRIPCIÓN FÍSICA
Extensión 16 p. ;
Dimensiones 24 cm.
610 24 - PUNTO DE ACCESO ADICIONAL DE MATERIA--NOMBRE DE ENTIDAD CORPORATIVA
Nombre de entidad corporativa o nombre de jurisdicción como elemento de entrada Asociación de Propietarios de Madrid-
Subdivisión de forma Estatutos.
9 (RLIN) 157280
852 ## - LOCALIZACIÓN
Ubicación ES-MaACL
Número de control de estantería F-Laf-171
Holdings
Estatus retirado Estado de pérdida Estado de daño No para préstamo Colección Biblioteca de origen Biblioteca actual Ubicación en estantería Fecha de adquisición Fuente de adquisición Total de préstamos Signatura topográfica completa Código de barras Visto por última vez Precio de reemplazo Tipo de ítem Koha
        Libros del s. XIX Biblioteca del Ateneo de Madrid Biblioteca del Ateneo de Madrid Depósito folletos 17/01/2008     F-Laf-171 1026764 23/02/2023 23/02/2023 Libro impreso antiguo